| Record ID | marc_records_scriblio_net/part25.dat:2630894:643 |
| Source | Scriblio |
| Download Link | /show-records/marc_records_scriblio_net/part25.dat:2630894:643?format=raw |
LEADER: 00643cam 2200205 a 4500
001 95015331
003 DLC
005 20040123182211.0
008 950329s1995 nyu 000 0 eng
010 $a 95015331
020 $a0679444696
040 $aDLC$cDLC$dDLC
050 00 $aPR4803.H44$bA6 1995b
082 00 $a821/.8$220
100 1 $aHopkins, Gerard Manley,$d1844-1889.
245 10 $aPoems and prose /$cGerard Manley Hopkins.
260 $aNew York :$bAlfred A. Knopf,$c1995.
300 $a256 p. ;$c16 cm.
440 0 $aEveryman's library pocket poets
856 42 $3Publisher description$uhttp://www.loc.gov/catdir/description/random041/95015331.html